North American Cities with Exactly 1 Major Sports Franchise - Statistics

General Stats
  • This quiz has been taken 27 times
  • The average score is 12 of 16
Answer Stats
Answer % Correct
Green Bay
91%
Portland
91%
Memphis
86%
Oklahoma City
86%
Orlando
86%
San Antonio
82%
Edmonton
77%
Montreal
77%
Calgary
73%
Columbus
73%
Jacksonville
73%
Ottawa
73%
San Diego
73%
Vancouver
73%
Winnipeg
68%
Raleigh
59%
No matching quizzes found
Score Distribution
Percent of People with Each Score
Percentile by Number Answered
Your Score History
You have not taken this quiz